<?xml version="1.0" encoding="UTF-8"?>
<marc:record xmlns:marc="http://www.loc.gov/MARC21/slim">
   <marc:leader>00000nam a2200000 a 4500</marc:leader>
   <marc:datafield ind1="1" ind2=" " tag="100">
      <marc:subfield code="a">Heine, Helme</marc:subfield>
      <marc:subfield code="4">aut</marc:subfield>
      <marc:subfield code="e">Verfasser/-in</marc:subfield>
   </marc:datafield>
   <marc:datafield ind1="0" ind2="0" tag="245">
      <marc:subfield code="a">Hui und Pfui</marc:subfield>
   </marc:datafield>
   <marc:datafield ind1="0" ind2="0" tag="245">
      <marc:subfield code="c">Heine, Helme</marc:subfield>
   </marc:datafield>
   <marc:datafield ind1=" " ind2="1" tag="264">
      <marc:subfield code="a">Weinheim</marc:subfield>
      <marc:subfield code="b">Beltz &amp; Gelberg</marc:subfield>
      <marc:subfield code="c">2019</marc:subfield>
   </marc:datafield>
   <marc:datafield ind1="1" ind2=" " tag="520">
      <marc:subfield code="a">Quelle: bn.bibliotheksnachrichten (http://www.biblio.at/literatur/bn/index.html); &#xD;
Autor: Susanne Wieshofer; &#xD;
Ein Kinderbuch über Toleranz, Vorurteile und eine Freundschaft ohne Grenzen. (ab 4) (JD)&#xD;
Das Engelchen Hui im Himmel und das Teufelchen Pfui in der Unterwelt schließen trotz dem Verbot ihrer Eltern Freundschaft. Die beiden werden aber durch die festgefahrenen Meinungen der Eltern wieder voneinander getrennt. Die Kinder werden deshalb aber schwer krank und nur ein Wiedersehen kann sie heilen. Dieses Treffen hilft jedoch auch den erwachsenen Engel- und Teufel-Eltern dabei ihre Meinung zu überdenken. Sie können sich von ihren Vorurteile lösen und schließen sogar Freundschaft miteinander.&#xD;
Das Buch ist sehr liebevoll gestaltet. Die Figuren sind entsprechend ihren Klischees gezeichnet und mit liebevollen Details versehen. Durch den mehrmaligen Wechsel von Hoch- und Querformatseiten entsteht ein Spannungsfeld zwischen Geschichte und Illustration. Das Buch ist für alle Kinder (und auch Erwachsene) zu empfehlen.</marc:subfield>
   </marc:datafield>
   <marc:datafield ind1=" " ind2=" " tag="020">
      <marc:subfield code="a">9783407754493</marc:subfield>
      <marc:subfield code="9">9783407754493</marc:subfield>
   </marc:datafield>
   <marc:datafield ind1=" " ind2=" " tag="020">
      <marc:subfield code="a">3407754493</marc:subfield>
      <marc:subfield code="9">3407754493</marc:subfield>
   </marc:datafield>
   <marc:datafield ind1=" " ind2=" " tag="041">
      <marc:subfield code="a">ger</marc:subfield>
   </marc:datafield>
   <marc:datafield ind1=" " ind2=" " tag="300">
      <marc:subfield code="b">durchg. Ill. (farb.)</marc:subfield>
   </marc:datafield>
   <marc:datafield ind1=" " ind2=" " tag="338">
      <marc:subfield code="a">Band</marc:subfield>
   </marc:datafield>
   <marc:datafield ind1=" " ind2=" " tag="300">
      <marc:subfield code="a">[20] Bl.</marc:subfield>
   </marc:datafield>
</marc:record>
